000
00273nam a2200121Ia 4500
008
190216s9999||||xx |||||||||||||| ||und||
100
_a
Batten J D
245
0
_a
Beyond Management By Objectives
260
_b
Null
_c
1977
300
_a
108p
650
_a
Commerce
942
_c
BK
999
_c
4301
_d
4301